Лечебната сила на храната (Запис номер 145262)
[ съкратено ]
| 000 -Лидер | |
|---|---|
| Контролно поле с фиксирана дължина | 02047nam a2200457 c 4500 |
| 003 - Код на организацията, давaща контролен номер | |
| Контролно поле | BLK |
| 005 - Дата и час на последна редакция | |
| Контролно поле | 20180422112612.0 |
| 008 - Елементи от данни с фиксирана дължина | |
| fixed length control field | 180410b bul|||||r ||||||| ||bul|| |
| 010 ## - Наследен системен номер | |
| LC control number | KNG00151435000 |
| 020 ## - Международен стандартен номер на книга ISBN | |
| Международен стандартен номер на книга ISBN | 978-954-9994-75-9 |
| -- | издат.: Дилок |
| 040 ## - Източник на каталожния запис | |
| Идентификатор на билиотеката - собственик на записа | BLK |
| 041 ## - Код за език | |
| Код за езика на текст/звукозапис или на отделно заглавие | Български |
| Код за езика КДБФ | Български |
| 072 #7 - Код за тематичната категория | |
| Код организация | bullib |
| Код за тематична категория | Н61 |
| Текст | Медицина Н |
| 072 #7 - Код за тематичната категория | |
| Код организация | bullib |
| Код за тематична категория | Л04 |
| Текст | Лечебно хранене |
| 080 ## - УДК | |
| Текстов определител УДК | Хигиена на храненето. Режим на храненето. Вж и 612.39 ; 614.3 ; 615.874 ; 641 |
| УДК код - определител по УДК | 613.2 |
| УДК определител | |
| УДК - код + определител | 613.2 |
| 080 ## - УДК | |
| Текстов определител УДК | Диетотерапия. Усилено и органично хранене, диети, богати на тлъстини, на минерали и др. |
| УДК код - определител по УДК | 615.874 |
| УДК определител | |
| УДК - код + определител | 615.874 |
| 080 ## - УДК | |
| Текстов определител УДК | Медицина |
| УДК код - определител по УДК | 61 |
| УДК определител | (510) |
| УДК - код + определител | 61(510) |
| 100 1# - Редна дума - Автор | |
| Автор | У ВейСин |
| Авторска отговорност | първи автор |
| R(LIN) | 379935 |
| 139 ## - Редно поле | |
| Редна дума | У ВейСин |
| Авторски знак | У - У 11 |
| 245 10 - Сведения за заглавието | |
| Заглавие | Лечебната сила на храната |
| Редно поле (дума) | У ВейСин; прев. от рус. Любомир Чолаков. |
| 257 ## - Страна на издаване | |
| Страна на създаване/издаване | Китай |
| 260 ## - Област на издателските данни | |
| -- | София |
| Име на издателя, разпространителя и проч. | Дилок |
| Година на издаване | 2008 |
| Печатница | София : Изток-Запад |
| 300 ## - Физическа характеристика | |
| Страници | 249 с. |
| Илюстрации и др. | с табл. |
| Размери/Мащаб | 22 см |
| 380 ## - Жанр | |
| Жанр | Медицина |
| 500 ## - Общи забележки | |
| Забележка | Прев. по Целебная сила пищи / У ВейСинь, У Лин ; Ориг. загл. на кит. ез. - Библиогр. с. 233-235 ; Азб. показалец на хранителните продукти. |
| 650 #4 - Допълнително описание по предмет – тема | |
| Основно описание – тема или топоним | Хранене - хигиена |
| 9 (RLIN) | 244313 |
| 650 #4 - Допълнително описание по предмет – тема | |
| Основно описание – тема или топоним | Лечебно хранене |
| 9 (RLIN) | 244312 |
| 650 #4 - Допълнително описание по предмет – тема | |
| Основно описание – тема или топоним | Медицина, китайска |
| 9 (RLIN) | 264073 |
| 651 #4 - Допълнително описание по предмет - топоним | |
| Географско понятие | Китай |
| 9 (RLIN) | 242505 |
| 653 ## - Ключова дума – ненормативна | |
| Ключова дума | хигиена на храненето |
| 653 ## - Ключова дума – ненормативна | |
| Ключова дума | лечебно хранене |
| 653 ## - Ключова дума – ненормативна | |
| Ключова дума | китайска медицина |
| 659 ## - Тематичен бюлетин | |
| Тематичен бюлетин | Л |
| 659 ## - Тематичен бюлетин | |
| Тематичен бюлетин | Н |
| 700 1# - Други автори (авторска отговорност) | |
| Лично име | Чолаков, Любомир |
| Автороска отговорност (Описва отношението между автора и произведението) | прев. от рус. |
| 9 (RLIN) | 366573 |
| 852 ## - Местоположение | |
| Форматна сигнатура | Цб 265161 |
| 856 4# - Електронен адрес и достъп | |
| Електронен формат | pdf - файл |
| Път до файла /url/ | |
| 856 4# - Електронен адрес и достъп | |
| Електронен формат | pdf - файл |
| Път до файла /url/ | |
| 942 ## - АРТИКУЛИ | |
| Вид на библиотечния материал | Книги |
| Скрит в OPAC | Не |
| 944 ## - СЪЗДАВАНЕ И РЕДАКЦИЯ на ЗАПИСА | |
| Създаване/Редакция | Създаване |
| Дата на регистрацията/редакция | 07.10.2013 |
| Статус, дата на статуса | ф / |
| Служител, извършил регистрацията/редакцията | Ирена_Линкова |
| 944 ## - СЪЗДАВАНЕ И РЕДАКЦИЯ на ЗАПИСА | |
| Създаване/Редакция | Редакция |
| Дата на регистрацията/редакция | 15.05.2014 |
| Статус, дата на статуса | ф / |
| Служител, извършил регистрацията/редакцията | |
| 999 ## - СИСТЕМНИ КОНТРОЛНИ НОМЕРА | |
| Koha biblionumber | 145262 |
| Koha biblioitemnumber | 145262 |
| Код за отписване | Код за изгубен артикул | Код за повреда | Коз за рестрикции | Код за отдаване | Артикулен № | Име на библиотеката - собственик | Име на библиотеката, в която се намира в момента | Статус (Текущо местоположение) | Дата на вписване в системата | Местоположение - отдел | Цена в лева | Инвентарен номер | Систематично азбучна сигнатура | Баркод | Номер на екземпляра | Цена в евро | Служебна бележка | Служебен тип на артикула |
|---|---|---|---|---|---|---|---|---|---|---|---|---|---|---|---|---|---|---|
| Не е изгубен | Не е повреден | без рестрикции | ползва се в читалня | 241174 | Регионална библиотека "Любен Каравелов" Русе | Регионална библиотека "Любен Каравелов" Русе | Хранилище | 2013-10-14 | Хранилище | 12.00 | 120000770252 | Цб 265161 | 120000770252 | 1 | 6.14 | Дост: Dp Вид: Д N: 32 Дата: 06.08.2012 | Книги |